000 00545nam a22002177a 4500
003 OSt
005 20140310182441.0
008 130803t xxu||||| |||| 00| 0 eng d
050 _aRS 97
_b.H35 1997
245 _aAplleton & Lange's Review of pharmacy
_cGary Hall
260 _aUSA :
_bA L;
_cc2010.
300 _a578 p.
_bill. ;
_c28 cm.
541 _j1
541 _j2
541 _j3
541 _j4
541 _j5
562 _e5
650 _apharmacy Examination questions
_97291
942 _2lcc
_cSSLC
999 _c13523
_d13523